000 00305nam a22001337a 4500
008 170825b xxu||||| |||| 00| 0 eng d
020 _a9780205781423
041 _aeng
080 _28 ED
_a070
100 _a39
101 _aMED
245 _aTHE LAW COMMUNICATION
_cMIDDLETON.K.R
942 _2udc
_cBK
999 _c25082
_d25082